The RATTAN industries in Peninsular Malaysia

Bibliographic Details
Other Authors: Abd. Latif Mohmood, Shukri Mohamad
Format: Book
Published: Kuala Lumpur : The Rattan Information Centre , 1989
Series:RIC occasional paper; no. 6
Subjects:

MARC

LEADER 00000cam a2200000 7i4500
001 0000002591
005 20030825.0
090 0 0 |a 633.5809595   |b RAT 1989 
245 0 4 |a The RATTAN industries in Peninsular Malaysia 
260 0 0 |a Kuala Lumpur :   |b The Rattan Information Centre ,   |c 1989 
300 |a 20 p. ;   |c 29 cm. 
440 0 0 |a RIC occasional paper; no. 6 
500 0 0 |a Part I: Distribution and current status of rattan manufacturers in Peninsular Malaysia/Abd. Latif Mohmood and Shukri Mohamad Part II: Directory of rattan industries in Peninsular Malaysia/Abd. Latif Mohmood 
650 0 0 |a Rattan   |z Malaysia 
700 0 1 |a Abd. Latif Mohmood 
700 0 1 |a Shukri Mohamad 
998 |a JPSM 
999 |a 0000004061   |b Monograph   |c Open Shelf   |e Default branch